LEADER 00981nam a2200205 i 4500 001 000000188789 003 CaOOAMICUS 005 20100422000000.0 008 100422s1938 it u000 u fre u 013 $a167023 040 $aSeMil$bita 100 1 $aHelleu, A.$0(OLS)http://semarc/name/69145 245 14$aUne grande bretonne Jeanne Jugan (soeur Marie de la Croix) :$bFondatrice des Petites Soeurs des Pauvres 1792 - 1879 /$cChanoine A. Helleu. 260 $aRennes :$bH. Riou-Reuzé,$c1938. 300 $aX, 202 p. ;$c19 cm. 600 14$aJugan, Jeanne .$0(OLS)http://semarc/subject/35534 850 $aSeMil 852 $aSeMil$W1$xVenegono$y1$m3H II 144$j139426$B139426$CSeMilBibl$Z2$F151057 $81 996 $6245$aUne grande bretonne Jeanne Jugan (soeur Marie de la Croix) :$bFondatrice des Petites Soeurs des Pauvres 1792 - 1879$9(OLS)http://semarc/title/271758 996 $6260$aRennes :$bH. Riou-Reuzé$9(OLS)http://semarc/publisher/50101 LEADER 01021nam a2200217 i 4500 001 000000143834 003 CaOOAMICUS 005 20260310152535.0 008 051012s1939 it u000 u ita u 040 $aSeMil$bita 100 1 $aBagnoli, Raffaele.$0(OLS)http://semarc/name/12618 245 10$aS. Aquilino Martire :$bnel culto e nella tradizione milanese /$cRaffaele Bagnoli. 264 1$aMilano :$bTip. Fratelli Calvi,$cstampa 1939. 300 $a50 p. ;$c22 cm 600 04$aAquilino : di Milano .$0(OLS)http://semarc/subject/28246 850 $aSeMil 852 $aSeMil$W1$xVenegono$y1$m5B III 9/14$j239224$B244579$CSeMilBibl$Z2$F244579 $81 961 $aContiene: Biglietto di ringraziamento firmato dal sac. Giovanni Maria Stoppani (Milano, 5 novembre 1945) 996 $6245$aS. Aquilino Martire :$bnel culto e nella tradizione milanese$9(OLS)http://semarc/title/210467 996 $6264$aMilano :$bTip. Fratelli Calvi$9(OLS)http://semarc/publisher/47606